01014nam a2200193 a 450000100100000000500170001000800410002704000250006808200270009310000270012024501160014726000510026330000200031450002230033465000740055765000620063170000450069371000820073800003599920200930074805.0110818s1971 dr 000 0 spa d aDO-SdBNPbspacBNPHU a780.97293bV635p, 19711 aVicioso Soto, Horacio.10aPanorama de la música en Santo Domingo /cHoracio Vicioso Soto ; introducción Eudoro Sánchez y Sánchez. aSanto Domingo :bEditorial la Nación,c1971. a34 p. ;c22 cm. aConferencia pronunciada por el Dr. Horacio Vicioso Soto, Asuntos Jurídicos de la Cancillería, el día 18 de mayo de 1971, en la Biblioteca Nacional bajo el patrocinio del "Círculo Diplomático" de Santo Domingo 4aMúsica dominicanaxHistoria y críticaxEnsayos conferencias, etc. 4aMúsica aborígenxHistoriaxEnsayos conferencias, etc.1 aSánchez y Sánchez, Eudorod[1895-? ]2 aRepública DominicnabPresidencia de la República,bSecretariado Técnico